Normal view MARC view
  • Dijk, Teun A. van,

Entry Nombre Personal

Number of records used in: 15

001 - NUMERO DE CONTROL

  • campo de control: 28365

003 - IDENTIFICADOR DE NUMERO DE CONTROL

  • campo de control: DLC

005 - FECHA Y HORA DE LA ÜLTIMA TRANSACCIÓN

  • campo de control: 20221017085806.0

008 - DATOS DE LONGITUD FIJA

  • campo de control de longitud fija: 221017n| azannaabn |a aaa

010 ## - NÚMERO DE CONTROL DE LA BIBLIOTECA DEL CONGRESO

  • Número de control LC: n 78097068
  • Número de Control LC Cancelado/inválido: n 2014012170

040 ## - FUENTE DE CATALOGACIÓN

  • Agencia original de catalogación: DLC
  • Lenguaje de catalogación: spa
  • Description conventions: rda
  • Agencia de transcripción: DLC
  • Agencia que lo modifica: DLC
  • Agencia que lo modifica: MX-MxUPN

046 ## - FECHAS CON CODIFICACIÓN ESPECIAL

  • Fecha de nacimiento: 1943-07-05
  • Fuente del formato de fecha: edtf

100 1# - ENCABEZAMIENTO - NOMBRE PERSONAL

  • Nombre personal: Dijk, Teun A. van,
  • Fechas asociadas con el nombre: 1943-

372 ## - CAMPO DE ACTIVIDAD

  • Field of activity: Estudios del discurso

373 ## - GRUPO ASOCIADO

  • Associated group: Universidad de Amsterdam
  • Associated group: Universidad de Pompeu i Fabra (Barcelona)

374 ## - OCUPACIÓN

  • Occupation: Profesor universitario

375 ## - GÉNERO

  • Gender: masculino

377 ## - LENGUA ASOCIADA

  • Language code: eng

378 ## - FORMA COMPLETA DE NOMBRE PERSONAL

  • Fuller form of personal name: Teun Adrianus van

400 1# - VEÁSE - NOMBRE DE PERSONA

  • Personal name: Dijk, Teun Adrianus van,
  • Dates associated with a name: 1943-

400 1# - VEÁSE - NOMBRE DE PERSONA

  • Personal name: Deĭk, T. A. van
  • Fuller form of name: (Toĭn A.),
  • Dates associated with a name: 1943-

400 1# - VEÁSE - NOMBRE DE PERSONA

  • Personal name: Deĭk, Toĭn A. van,
  • Dates associated with a name: 1943-

400 1# - VEÁSE - NOMBRE DE PERSONA

  • Personal name: Dijk, T. A. van
  • Fuller form of name: (Teun Adrianus),
  • Dates associated with a name: 1943-

400 1# - VEÁSE - NOMBRE DE PERSONA

  • Personal name: Van Deĭk, T. A. van
  • Fuller form of name: (Toĭn A.),
  • Dates associated with a name: 1943-

400 1# - VEÁSE - NOMBRE DE PERSONA

  • Personal name: Van Dijk, Teun Adrianus,
  • Dates associated with a name: 1943-

670 ## - FUENTE EN LA QUE SE LOCALIZARON DATOS

  • Cita de la fuente: Taal, tekst, Teken, 1971.

670 ## - FUENTE EN LA QUE SE LOCALIZARON DATOS

  • Cita de la fuente: Text and context, 1980:
  • Información localizada: CIP hoja de datos (Dijk, Teun Adrianus van)

670 ## - FUENTE EN LA QUE SE LOCALIZARON DATOS

  • Cita de la fuente: News as discourse, 1987:
  • Información localizada: CIP portada (Teun A. van Dijk)

670 ## - FUENTE EN LA QUE SE LOCALIZARON DATOS

  • Cita de la fuente: Racism and the press, 1991:
  • Información localizada: CIP portada (Teun A. van Dijk) hoja de datos (b. 5-7-43)

670 ## - FUENTE EN LA QUE SE LOCALIZARON DATOS

  • Cita de la fuente: Rasizm i i︠a︡zyk, 1989:
  • Información localizada: portada (Deĭk T. A. van; Dijk T. A. van [in rom.]) reverso de la portada (Toĭnu A. van Deĭku)

670 ## - FUENTE EN LA QUE SE LOCALIZARON DATOS

  • Cita de la fuente: Discourse studies, 2007:
  • Información localizada: v. 1, portada (Teun A. van Dijk)

670 ## - FUENTE EN LA QUE SE LOCALIZARON DATOS

  • Cita de la fuente: Discourse and knowledge, 2014:
  • Información localizada: eCIP portada (Teun A. van Dijk) datos vistos (b. 07/05/1943)

670 ## - FUENTE EN LA QUE SE LOCALIZARON DATOS

  • Cita de la fuente: Anti-racist discourse, 2021:
  • Información localizada: ECIP portada (Teun van Dijk)

670 ## - FUENTE EN LA QUE SE LOCALIZARON DATOS

  • Cita de la fuente: En la obra: Estudios sobre el discurso, 2008:
  • Información localizada: portada (Teun A. van Dijk) cubierta posterior (Teun A. van Dijk fue profesor de estudios del Discurso en la Universidad de Amsterdam. Actualmente, enseña en la Universidad Pompeu i Fabra de Barcelona)

902 ## - CATALOGADOR

  • Catalogador: NDAF/171022